Länder in der Form von Mr. Bean mit einer Karte - Statistiken

Allgemein
  • Dieses Quiz wurde 2.288 mal gespielt
  • Das Durchschnittsergebnis liegt bei 4 aus 6
Antworten auf der Karte
Die Antworten werden auf der Karte rot bzw. grün angezeigt, abhängig davon wie oft sie richtig erraten wurden.
 
Antwortstatistiken
Länder % Korrekt
Italien
99%
Norwegen
89%
Kuba
68%
Irland
67%
Kosovo
58%
Pakistan
27%
Keine übereinstimmenden Quizze gefunden
Verteilung der Resultate
Anzahl Personen mit jedem Resultat
Perzentil nach korrekt beantworteten Fragen
Ihre Resultats-Entwicklung
Sie haben dieses Quiz noch nicht gespielt